000 00413nam a22001337a 4500
003 OSt
005 20240320122422.0
008 240320b |||||||| |||| 00| 0 eng d
040 _cCentral Library MRSPTU
100 _aGurpeet (ਗੁਰਪ੍ਰੀਤ)
245 _aSehai Kulli Ha :- Kavita (ਸਿਆਹੀ ਘੁਲੀ ਹੈ:- ਕਵਿਤਾ)
260 _aMansa
_bUdaan Publication
_c2011
942 _2ddc
_cBK
_n0
999 _c9913
_d9913